000 00720nam a2200217 i 4500
001 129003
003 ES-MaACL
005 20250729001317.0
007 t|
008 070601s1965 sp a |||| | spa d
245 0 0 _aTecnologías
_b: 1er curso, 12-14 /
_cdirección y supervisión del Dr. D. José Fernández Huerta.
250 _a1ª ed.
260 _aBarcelona :
_bCeac,
_c1965.
300 _a236 p. :
_bil. ;
_c24 cm.
490 1 _aBiblioteca Ceac de iniciación profesional
650 0 7 _aTecnología
_2embne
_917398
700 1 _aFernández Huerta, José.
_949849
830 0 _aBiblioteca Ceac de iniciación profesional
_9219314
852 _aES-MaACL
_jC-28717
_z- Enc. cart.
999 _c129003
_d129003